Music Quiz

Random Music or Artist Quiz
Score 0/20 Timer 04:00
0 Plays Today
Question Answer Wrong Answers
Can't Get You Out Of My _____
Kylie Minogue (2001)
Head
97%
Hands
0.4%
Eyes
0.4%
Face
0.5%
Poker _____
Lady Gaga (2008)
Face
96.8%
Head
0.3%
Hands
0.7%
Eyes
0.5%
_____ Over Heels
Tears For Fears (1985)
Head
96.2%
Hands
1.5%
Eyes
0.4%
Face
0.2%
Keep Your _____ To Yourself
Georgia Satellites (1986)
Hands
94.6%
Head
1.1%
Eyes
2.3%
Face
0.2%
Over My _____ (Cable Car)
The Fray (2005)
Head
93.4%
Hands
1.5%
Eyes
1.6%
Face
1.5%
Can't Take My _____ Off You
Frankie Valli (1967)
Eyes
93.1%
Head
0.5%
Hands
4.3%
Face
0.3%
Too Much Time On My _____
Styx (1981)
Hands
92.3%
Head
4.2%
Eyes
0.6%
Face
1.1%
Slow _____
Niall Horan (2017)
Hands
92.3%
Head
1.7%
Eyes
3.4%
Face
0.7%
The First Time Ever I Saw Your _____
Roberta Flack (1972)
Face
91.4%
Head
0.3%
Hands
0.3%
Eyes
6.2%
I've Just Seen A _____
The Beatles (1965)
Face
91.2%
Head
5.9%
Hands
0.4%
Eyes
0.6%
Eyes Without A _____
Billy Idol (1984)
Face
90%
Head
7.3%
Hands
0.3%
Eyes
0.6%
_____ Games
Foreigner (1979)
Head
89.7%
Hands
2.7%
Eyes
1.6%
Face
4.1%
Private _____
Daryl Hall & John Oates (1981)
Eyes
89.2%
Head
1.7%
Hands
4.8%
Face
2.4%
Suite: Judy Blue _____
Crosby, Stills & Nash (1969)
Eyes
88.4%
Head
1.9%
Hands
3.8%
Face
3.9%
_____ To Myself
Selena Gomez (2016)
Hands
88.2%
Head
2.2%
Eyes
5.5%
Face
2.2%
Turn Back The _____ Of Time
Tyrone Davis (1970)
Hands
84.3%
Head
2.9%
Eyes
2.5%
Face
8.4%
Bette Davis _____
Kim Carnes (1981)
Eyes
84.2%
Head
3%
Hands
4.7%
Face
6.3%
Sad _____
Robert John (1979)
Eyes
81.6%
Head
0.4%
Hands
0.8%
Face
15.4%
Can't Feel My _____
The Weeknd (2015)
Face
79%
Head
3.7%
Hands
14.9%
Eyes
0.5%
Hold Your _____ Up
Argent (1972)
Head
75.7%
Hands
21.9%
Eyes
0.3%
Face
0.5%
Remove Ads.
Support Sporcle.
Get the best of Sporcle when you Go Orange. This ad-free experience offers more features, more stats, and more fun while also helping to support Sporcle. Thank you for becoming a member.

You're not logged in!

Compare scores with friends on all Sporcle quizzes.
OR
Log In

Sporcle TV

Today on Sporcle TV


Watch our educational content, quiz creation guides, and fun videos on Sporcle TV.

Show Comments

Extras

Top Quizzes Today


Score Distribution

Paid Content

Your Account Isn't Verified!

In order to create a playlist on Sporcle, you need to verify the email address you used during registration. Go to your Sporcle Settings to finish the process.

Report this User

Report this user for behavior that violates our Community Guidelines.

Details: